[Event "23rd EUR-ch"]
[Site "Vrnjacka Banja SRB"]
[Date "2023.03.09"]
[Round "7.137"]
[White "Sahin, Ozgun"]
[Black "Secheres, Adrian-Simion"]
[Result "1/2-1/2"]
[WhiteElo "2177"]
[BlackElo "2369"]
[EventDate "2023.03.03"]
[PlyCount "68"]

1.e4 e5 2.Nf3 Nc6 3.d4 exd4 4.Nxd4 Nf6 5.Nxc6 bxc6 6.Bd3 d5 7.exd5 cxd5 8.
O-O Be7 9.c4 d4 10.Nd2 O-O 11.Ne4 Rb8 12.Nxf6+ Bxf6 13.Qc2 h6 14.Bd2 Bb7 
15.b4 Qd7 16.Rae1 Rfe8 17.Qd1 a6 18.Qh5 Rxe1 19.Rxe1 Re8 20.Rxe8+ Qxe8 21.
b5 Qe7 22.bxa6 Bxa6 23.Qa5 Bb7 24.Qa7 Be4 25.Qb8+ Kh7 26.Qb1 Bg6 27.Bxg6+ 
fxg6 28.Qd3 Qd7 29.f3 Qe8 30.Kf2 c5 31.g3 Qa4 32.Qb3 Qd7 33.Qd3 Bd8 34.Kg2
Qa4 1/2-1/2

[Event "23rd EUR-ch"]
[Site "Vrnjacka Banja SRB"]
[Date "2023.03.09"]
[Round "7.138"]
[White "Schekachikhin, Maksim"]
[Black "Levitan, Ronit"]
[Result "1-0"]
[WhiteElo "2367"]
[BlackElo "2185"]
[EventDate "2023.03.03"]
[PlyCount "49"]

1.c4 e6 2.Nc3 d5 3.d4 Be7 4.cxd5 exd5 5.Bf4 Nf6 6.e3 O-O 7.Bd3 c5 8.Nge2 
Nc6 9.O-O Bg4 10.dxc5 Bxc5 11.Rc1 d4 12.Nb5 Bb6 13.e4 Qd7 14.h3 Be6 15.Bg5
Bd8 16.f4 h6 17.Bxf6 Bxf6 18.e5 Bd8 19.a3 a6 20.Nd6 f6 21.Ne4 Kh8 22.f5 
Bg8 23.e6 Qe7 24.Nf4 Bh7 25.Nd5 1-0

[Event "23rd EUR-ch"]
[Site "Vrnjacka Banja SRB"]
[Date "2023.03.09"]
[Round "7.139"]
[White "Stoinev, Metodi"]
[Black "Carbonell Sancho, Marc"]
[Result "0-1"]
[WhiteElo "2159"]
[BlackElo "2364"]
[EventDate "2023.03.03"]
[PlyCount "76"]

1.e4 c5 2.Nf3 d6 3.d4 cxd4 4.Qxd4 Nf6 5.c4 g6 6.Be2 Bg7 7.Nc3 O-O 8.O-O 
Nc6 9.Qd2 a6 10.Rb1 Qa5 11.a3 Bg4 12.b4 Qc7 13.Bb2 Bxf3 14.gxf3 e6 15.Rfc1
Qe7 16.Na4 Rad8 17.Qg5 h6 18.Qh4 g5 19.Qh3 Nd7 20.Rd1 Nde5 21.c5 Ng6 22.
Bxg7 Kxg7 23.cxd6 Rxd6 24.Rxd6 Qxd6 25.Nc5 Nf4 26.Qf1 Qd2 27.Re1 Nd4 28.
Bd1 Rc8 29.e5 b6 30.Ne4 Qb2 31.h4 Rc1 32.hxg5 Qa1 33.gxh6+ Kxh6 34.Kh2 
Nxf3+ 35.Kg3 Nxe1 36.Kxf4 Rxd1 37.Qh3+ Kg7 38.Qg4+ Kf8 0-1

[Event "23rd EUR-ch"]
[Site "Vrnjacka Banja SRB"]
[Date "2023.03.09"]
[Round "7.140"]
[White "Costa, Leonardo"]
[Black "Maksimovic, Branimir"]
[Result "1-0"]
[WhiteElo "2364"]
[BlackElo "2128"]
[EventDate "2023.03.03"]
[PlyCount "72"]

1.e4 e5 2.Nf3 Nf6 3.Nxe5 d6 4.Nc4 Nxe4 5.Qe2 Qe7 6.Ne3 Nc6 7.c3 Be6 8.d4 
d5 9.Nd2 Nxd2 10.Bxd2 O-O-O 11.g3 h5 12.Bg2 Bg4 13.Nxg4 hxg4 14.h3 gxh3 
15.Bxh3+ Kb8 16.Qxe7 Bxe7 17.Ke2 Na5 18.b3 b6 19.Kd3 Nb7 20.Rae1 Bd6 21.
Bg2 c6 22.g4 Kc7 23.f4 b5 24.Bf3 a5 25.c4 dxc4+ 26.bxc4 a4 27.Rxh8 Rxh8 
28.c5 Bf8 29.Re8 Rh3 30.Ke2 Rh2+ 31.Ke3 Rh8 32.Kd3 Nd8 33.g5 Rh3 34.Ke4 
Rh2 35.Be1 Rxa2 36.Rxf8 b4 1-0

[Event "23rd EUR-ch"]
[Site "Vrnjacka Banja SRB"]
[Date "2023.03.09"]
[Round "7.141"]
[White "Shvedova, Alexandra"]
[Black "Baglan, Esat"]
[Result "1-0"]
[WhiteElo "2083"]
[BlackElo "2363"]
[EventDate "2023.03.03"]
[PlyCount "70"]

1.e4 c5 2.Nf3 d6 3.d4 cxd4 4.Nxd4 Nf6 5.Nc3 g6 6.Be3 Bg7 7.f3 O-O 8.Qd2 
Nc6 9.O-O-O d5 10.Nxc6 bxc6 11.Bc4 Be6 12.exd5 cxd5 13.Nxd5 Nxd5 14.Bxd5 
Rb8 15.Bb3 Qc8 16.Kb1 a5 17.Bd4 Rd8 18.Qe3 Qd7 19.Bxe6 Bxd4 20.Bxd7 Bxe3 
21.Rhe1 Bc5 22.Ba4 Bd6 23.g3 Rb4 24.Bb3 Rdb8 25.c3 R4b6 26.Re4 Kg7 27.Kc2 
h5 28.f4 f5 29.Ra4 Rb5 30.Rd5 Rxd5 31.Bxd5 Rb5 32.c4 Bc5 33.a3 g5 34.b4 
axb4 35.axb4 Rb8 1-0

[Event "23rd EUR-ch"]
[Site "Vrnjacka Banja SRB"]
[Date "2023.03.09"]
[Round "7.142"]
[White "Cox, Tristan"]
[Black "Hagner, Bennet"]
[Result "0-1"]
[WhiteElo "1975"]
[BlackElo "2361"]
[EventDate "2023.03.03"]
[PlyCount "63"]

1.Nf3 Nf6 2.b3 d5 3.Bb2 Bf5 4.Nh4 Bc8 5.e3 g6 6.c4 Bg7 7.cxd5 O-O 8.Be2 
Nxd5 9.Bxg7 Kxg7 10.d4 b6 11.Nf3 Bb7 12.h4 Nd7 13.h5 c5 14.Qd2 N7f6 15.
dxc5 bxc5 16.Nc3 Nxc3 17.Qxc3 Qb6 18.Rh4 Rfd8 19.hxg6 hxg6 20.Ng5 Rh8 21.
Rxh8 Rxh8 22.O-O-O Qb4 23.Qe5 c4 24.Bxc4 Rc8 25.Rh1 Bd5 26.Rh4 Qe1+ 27.Kb2
Qxf2+ 28.Ka3 Qxh4 29.Bxd5 Rc5 30.e4 Ra5+ 31.Kb4 Qe1+ 32.Kc4 0-1

[Event "23rd EUR-ch"]
[Site "Vrnjacka Banja SRB"]
[Date "2023.03.09"]
[Round "7.143"]
[White "Szwed, Jacek"]
[Black "Jandric, Damjan"]
[Result "1-0"]
[WhiteElo "2361"]
[BlackElo "2104"]
[EventDate "2023.03.03"]
[PlyCount "51"]

1.e4 c5 2.Nf3 d6 3.d4 cxd4 4.Qxd4 a6 5.h3 Nc6 6.Qe3 Nf6 7.c4 g6 8.Be2 Bg7 
9.O-O O-O 10.Nc3 Nd7 11.Rb1 a5 12.b3 Nc5 13.Bb2 f5 14.exf5 Bxf5 15.Rbd1 a4
16.Ba3 Qa5 17.Nb5 axb3 18.axb3 Qb6 19.b4 Na4 20.Qb3 Kh8 21.Bc1 Be6 22.Qb1 
Rfc8 23.Be3 Qd8 24.Ng5 Bg8 25.Bg4 Bxc4 26.Rc1 1-0

[Event "23rd EUR-ch"]
[Site "Vrnjacka Banja SRB"]
[Date "2023.03.09"]
[Round "7.144"]
[White "Filip, Lucian-Ioan"]
[Black "Stanojevic, Ilija"]
[Result "1/2-1/2"]
[WhiteElo "2349"]
[BlackElo "2096"]
[EventDate "2023.03.03"]
[PlyCount "40"]

1.d4 Nf6 2.c4 e6 3.g3 d5 4.Bg2 dxc4 5.Nf3 c5 6.O-O Nc6 7.Qa4 Bd7 8.Qxc4 b5
9.Qc3 Nd5 10.Qd2 cxd4 11.Nxd4 Qb6 12.Nxc6 Bxc6 13.Nc3 Nf6 14.Qd3 Bxg2 15.
Kxg2 a6 16.Qf3 Rc8 17.Be3 Bc5 18.Bxc5 Qxc5 19.Rae1 O-O 20.Ne4 Qe5 1/2-1/2

[Event "23rd EUR-ch"]
[Site "Vrnjacka Banja SRB"]
[Date "2023.03.09"]
[Round "7.145"]
[White "Yonal, Timur"]
[Black "Fitzsimons, David"]
[Result "1/2-1/2"]
[WhiteElo "1859"]
[BlackElo "2338"]
[EventDate "2023.03.03"]
[PlyCount "101"]

1.e4 Nf6 2.e5 Nd5 3.d4 d6 4.c4 Nb6 5.f4 dxe5 6.fxe5 Nc6 7.Be3 Bf5 8.Be2 e6
9.Nf3 Be7 10.O-O O-O 11.Nc3 f6 12.exf6 Bxf6 13.Qd2 Qe7 14.Rad1 Rad8 15.Kh1
h6 16.Qc1 Kh8 17.Rfe1 Qf7 18.Bg1 Bg4 19.c5 Nc8 20.Qf4 Bf5 21.Bc4 g5 22.
Qxf5 exf5 23.Bxf7 Rxf7 24.d5 N6e7 25.Nd4 Bxd4 26.Rxd4 Ng6 27.b4 Rfd7 28.g3
Kg7 29.Red1 Ne5 30.c6 Re7 31.cxb7 Nd6 32.Na4 Nxb7 33.Nc5 Nxc5 34.bxc5 Nf3 
35.Ra4 g4 36.Rxa7 Red7 37.d6 cxd6 38.Rxd7+ Rxd7 39.cxd6 Kf6 40.a4 Ke6 41.
Be3 h5 42.Kg2 h4 43.gxh4 Nxh4+ 44.Kg3 Ng6 45.Bc5 Rh7 46.d7 Rxd7 47.Rxd7 
Kxd7 48.a5 Kc6 49.a6 Kc7 50.Be3 Kb8 51.Bd4 1/2-1/2

[Event "23rd EUR-ch"]
[Site "Vrnjacka Banja SRB"]
[Date "2023.03.09"]
[Round "7.146"]
[White "Goriachkina, Oksana"]
[Black "Adan Bermudez, Sergio"]
[Result "1-0"]
[WhiteElo "1759"]
[BlackElo "2338"]
[EventDate "2023.03.03"]
[PlyCount "49"]

1.d4 d5 2.c4 dxc4 3.Nf3 a6 4.e3 e6 5.Bxc4 Nf6 6.O-O c5 7.b3 b5 8.Be2 cxd4 
9.Nxd4 e5 10.Nf3 Qc7 11.Bb2 e4 12.Nd4 Bd6 13.h3 O-O 14.Nd2 Qe7 15.h4 Nd5 
16.g3 Nxe3 17.fxe3 Bxg3 18.Nf5 Bxf5 19.Rxf5 g6 20.Nf1 gxf5 21.Nxg3 Qxh4 
22.Nxf5 Qg5+ 23.Kh1 f6 24.Qd5+ Kh8 25.Rg1 1-0

[Event "23rd EUR-ch"]
[Site "Vrnjacka Banja SRB"]
[Date "2023.03.09"]
[Round "7.147"]
[White "Alexakis, Dimitris"]
[Black "Djokic, Mihailo"]
[Result "1-0"]
[WhiteElo "2472"]
[BlackElo "2227"]
[EventDate "2023.03.03"]
[PlyCount "62"]

1.e4 e5 2.Nc3 Nc6 3.Nf3 Nf6 4.Bb5 Bb4 5.O-O O-O 6.Bxc6 dxc6 7.d3 Bxc3 8.
bxc3 Re8 9.h3 h6 10.Nh2 Qd6 11.Kh1 g5 12.h4 Nh7 13.Qh5 Qg6 14.Qxg6+ fxg6 
15.hxg5 hxg5 16.g4 b5 17.Be3 a6 18.Kg2 Kg7 19.Kg3 Bd7 20.Rh1 a5 21.a3 Ra6 
22.Nf3 Nf6 23.Bxg5 Nxg4 24.Rh4 Nf6 25.Bxf6+ Kxf6 26.Rh7 Rd8 27.d4 exd4 28.
cxd4 c5 29.d5 c6 30.e5+ Kf5 31.Re1 g5 1-0

[Event "23rd EUR-ch"]
[Site "Vrnjacka Banja SRB"]
[Date "2023.03.09"]
[Round "7.148"]
[White "Eric, Jovana"]
[Black "Godena, Michele"]
[Result "0-1"]
[WhiteElo "2230"]
[BlackElo "2446"]
[EventDate "2023.03.03"]
[PlyCount "76"]

1.e4 e5 2.Nf3 Nc6 3.Bc4 Bc5 4.d3 Nf6 5.Nc3 h6 6.a3 a6 7.O-O d6 8.Be3 O-O 
9.Ne2 Bg4 10.Bxc5 dxc5 11.Nd2 b5 12.Ba2 Qd6 13.h3 Bd7 14.Ng3 g6 15.Nf3 Kg7
16.c3 Rfd8 17.Qe2 Be6 18.Bxe6 Qxe6 19.Rfd1 Nd7 20.d4 cxd4 21.cxd4 Nxd4 22.
Nxd4 exd4 23.Rxd4 Ne5 24.Rad1 Qf6 25.Rd5 c6 26.Rxd8 Rxd8 27.Rxd8 Qxd8 28.
Qc2 Qd3 29.Qc5 Qb1+ 30.Kh2 Qxb2 31.Ne2 Nc4 32.Ng3 Qxa3 33.Qxc6 Qd6 34.Qb7 
Qb6 35.Qd5 Qxf2 36.e5 Qe3 37.Qc6 Qxe5 38.Qxa6 Ne3 0-1

[Event "23rd EUR-ch"]
[Site "Vrnjacka Banja SRB"]
[Date "2023.03.09"]
[Round "7.149"]
[White "Nadj Hedjesi, Balind"]
[Black "Pap, Misa"]
[Result "0-1"]
[WhiteElo "2223"]
[BlackElo "2403"]
[EventDate "2023.03.03"]
[PlyCount "76"]

1.e4 e5 2.Nf3 Nc6 3.Nc3 Nf6 4.Bb5 Bb4 5.O-O O-O 6.d3 d6 7.Bg5 Bxc3 8.bxc3 
Bd7 9.Qe2 h6 10.Bh4 a6 11.Ba4 Ne7 12.Bb3 Ng6 13.Bg3 Nh5 14.d4 Qf6 15.Nxe5 
Nhf4 16.Qd2 dxe5 17.dxe5 Qxe5 18.Qxd7 Qxe4 19.f3 Qe3+ 20.Kh1 Qxc3 21.Rad1 
b5 22.Be1 Qe5 23.g3 Ne6 24.Qc6 Ne7 25.Qc3 Qxc3 26.Bxc3 c5 27.Rd7 Rae8 28.
Bxe6 fxe6 29.Ra7 Nf5 30.Re1 b4 31.Bb2 Ra8 32.Rxa8 Rxa8 33.Rxe6 Rd8 34.Re2 
a5 35.a3 Rd1+ 36.Kg2 Rb1 37.Be5 bxa3 38.c4 Nd4 0-1

[Event "23rd EUR-ch"]
[Site "Vrnjacka Banja SRB"]
[Date "2023.03.09"]
[Round "7.150"]
[White "Valiev, Shahin"]
[Black "Zawadzka, Jolanta"]
[Result "1/2-1/2"]
[WhiteElo "2201"]
[BlackElo "2391"]
[EventDate "2023.03.03"]
[PlyCount "54"]

1.e4 c5 2.Nf3 e6 3.d4 cxd4 4.Nxd4 a6 5.Bd3 Bc5 6.Nb3 Ba7 7.Qe2 Ne7 8.Be3 
O-O 9.O-O Nbc6 10.f4 b5 11.a4 b4 12.N1d2 Qc7 13.Kh1 f6 14.Bxa7 Rxa7 15.
Rad1 Ng6 16.Qe3 Ra8 17.Nc4 Rb8 18.e5 Nce7 19.Qc5 Qxc5 20.Nxc5 Nd5 21.Bxg6 
hxg6 22.Rf3 Kf7 23.Kg1 Rh8 24.Ne3 Bb7 25.Nxb7 Rxb7 26.Nxd5 exd5 27.Rxd5 
Re8 1/2-1/2

[Event "23rd EUR-ch"]
[Site "Vrnjacka Banja SRB"]
[Date "2023.03.09"]
[Round "7.151"]
[White "Aleksic, Milan"]
[Black "Bethke, Richard"]
[Result "0-1"]
[WhiteElo "2202"]
[BlackElo "2383"]
[EventDate "2023.03.03"]
[PlyCount "128"]

1.e4 e5 2.Nf3 Nc6 3.Bb5 a6 4.Ba4 Nf6 5.O-O Be7 6.Re1 b5 7.Bb3 d6 8.c3 O-O 
9.h3 Bb7 10.d4 exd4 11.cxd4 Nd7 12.Nc3 Na5 13.Bc2 Nb6 14.Qd3 g6 15.Bh6 Re8
16.e5 dxe5 17.Nxe5 Bg5 18.Ng4 Rxe1+ 19.Rxe1 Bxh6 20.Nxh6+ Kg7 21.Qd2 Nac4 
22.Qf4 Qf6 23.Qxf6+ Kxf6 24.Ng4+ Kg7 25.Re7 Rc8 26.b3 Na3 27.Bd3 Kf8 28.
Re3 Rd8 29.Nf6 h6 30.Ne2 Nd5 31.Nxd5 Bxd5 32.Nf4 g5 33.Ne2 f6 34.Ng3 Bf7 
35.Nf5 h5 36.g4 h4 37.f3 a5 38.Kf2 a4 39.Re7 c5 40.Ra7 Be6 41.Ng7 Bf7 42.
Nf5 Bg6 43.Ng7 Bf7 44.Nf5 axb3 45.Rxa3 b2 46.Ra5 Bc4 47.Bb1 cxd4 48.Ke1 
Re8+ 49.Kd1 Bf1 50.Ra6 Rc8 51.Rxf6+ Ke8 52.Nd6+ Ke7 53.Nxc8+ Kxf6 54.Nd6 
Ke5 55.Ke1 Bxh3 56.Nxb5 Bg2 57.Kf2 h3 58.Be4 Bxf3 59.Kxf3 h2 60.Kg2 Kxe4 
61.Na3 Kd3 62.Kxh2 Ke2 63.Kg2 d3 64.Nb1 d2 0-1

[Event "23rd EUR-ch"]
[Site "Vrnjacka Banja SRB"]
[Date "2023.03.09"]
[Round "7.152"]
[White "Petrekanovic, Miroslav"]
[Black "Aizenberg, Benny"]
[Result "0-1"]
[WhiteElo "2179"]
[BlackElo "2367"]
[EventDate "2023.03.03"]
[PlyCount "126"]

1.e4 c5 2.b4 cxb4 3.Nf3 d5 4.exd5 Nf6 5.a3 Nxd5 6.Bb5+ Bd7 7.Bc4 e6 8.O-O 
Be7 9.axb4 Nxb4 10.c3 Nd5 11.d4 O-O 12.Ne5 Be8 13.Qg4 Nc6 14.Bh6 Bf6 15.
Nf3 Kh8 16.Bd3 Nce7 17.Bc1 g6 18.Ba3 Qc7 19.Ne5 b5 20.Qf3 Rg8 21.Nd2 Nc6 
22.Ng4 Bg7 23.Bc5 Qf4 24.Qxf4 Nxf4 25.Bxb5 Nxd4 26.Bxe8 Nde2+ 27.Kh1 Rgxe8
28.Rxa7 Rxa7 29.Bxa7 Nxc3 30.g3 Nd3 31.f4 Ra8 32.Bg1 Ra2 33.Nf3 h5 34.Nge5
Nxe5 35.fxe5 Ne4 36.Re1 Nf2+ 37.Bxf2 Rxf2 38.Re3 Bh6 39.Rb3 g5 40.Kg1 Re2 
41.Kf1 Re4 42.Rb8+ Kg7 43.h3 g4 44.hxg4 hxg4 45.Nh2 Bd2 46.Rb3 Ba5 47.Kf2 
Bc7 48.Rb5 Kg6 49.Kg2 Re2+ 50.Kh1 Bxe5 51.Rb4 f5 52.Nf1 Kf6 53.Ra4 Bd6 54.
Rc4 e5 55.Ra4 Bc5 56.Rc4 Bd4 57.Ra4 Ke6 58.Ra5 Re1 59.Kg2 f4 60.gxf4 exf4 
61.Rg5 f3+ 62.Kg3 Rxf1 63.Rxg4 Be5+ 0-1

[Event "23rd EUR-ch"]
[Site "Vrnjacka Banja SRB"]
[Date "2023.03.09"]
[Round "7.153"]
[White "Novkovic, Milan"]
[Black "Tifferet, Shaked"]
[Result "0-1"]
[WhiteElo "2356"]
[BlackElo "2219"]
[EventDate "2023.03.03"]
[PlyCount "26"]

1.Nf3 d5 2.c4 d4 3.g3 Nc6 4.Bg2 e5 5.d3 Bb4+ 6.Bd2 a5 7.O-O Nf6 8.Na3 O-O 
9.Nc2 Bc5 10.Bg5 h6 11.Bxf6 Qxf6 12.Nd2 Qg6 13.a3 Qh5 0-1

[Event "23rd EUR-ch"]
[Site "Vrnjacka Banja SRB"]
[Date "2023.03.09"]
[Round "7.154"]
[White "Danov, Liubomir"]
[Black "Tudor, Henry Edward"]
[Result "1-0"]
[WhiteElo "2349"]
[BlackElo "2201"]
[EventDate "2023.03.03"]
[PlyCount "68"]

1.e4 c5 2.Nc3 e6 3.Nf3 a6 4.d4 cxd4 5.Nxd4 Qc7 6.g3 Bb4 7.Bd2 Nc6 8.Nxc6 
dxc6 9.Qg4 Bf8 10.f4 Nf6 11.Qf3 e5 12.f5 h5 13.a4 b6 14.Bd3 Bb7 15.O-O Rd8
16.Rad1 b5 17.b3 Be7 18.Kg2 b4 19.Nb1 c5 20.Bg5 Rxd3 21.cxd3 Nxe4 22.dxe4 
Bxg5 23.h4 Bh6 24.Nd2 Bxd2 25.Rxd2 c4 26.bxc4 Qxc4 27.Re1 O-O 28.Qxh5 
Bxe4+ 29.Kh2 b3 30.f6 Qc3 31.Qg5 Bg6 32.fxg7 Kxg7 33.Ree2 f6 34.Qg4 Kh6 
1-0

[Event "23rd EUR-ch"]
[Site "Vrnjacka Banja SRB"]
[Date "2023.03.09"]
[Round "7.155"]
[White "Nyysti, Sampsa"]
[Black "Ozdemir, Serhan Berat"]
[Result "0-1"]
[WhiteElo "2345"]
[BlackElo "2200"]
[EventDate "2023.03.03"]
[PlyCount "78"]

1.e4 c5 2.Nf3 e6 3.Nc3 Nc6 4.Bb5 Nge7 5.O-O Qc7 6.d4 cxd4 7.Nxd4 Ng6 8.Kh1
a6 9.Be2 b5 10.f4 b4 11.Na4 Nxd4 12.Qxd4 Qxc2 13.Bd1 Qc6 14.f5 Qb5 15.Re1 
Qe5 16.Qf2 Bd6 17.g3 Qf6 18.Nb6 Bb7 19.Nxa8 Bxa8 20.Qa7 Bc6 21.fxg6 hxg6 
22.Qg1 Qe5 23.Bf3 g5 24.Qg2 f5 25.Bd2 g4 26.Bxg4 Qxg3 27.Qxg3 Bxg3 28.Re2 
fxg4 29.Bxb4 Bf4 30.Kg1 Rh3 31.Bc5 d5 32.Rd1 dxe4 33.Bd6 Be3+ 34.Kg2 Bb6 
35.Rc2 Bd5 36.Bc7 Bxc7 37.Rxc7 e3+ 38.Kg1 g3 39.hxg3 Rh1# 0-1

[Event "23rd EUR-ch"]
[Site "Vrnjacka Banja SRB"]
[Date "2023.03.09"]
[Round "7.156"]
[White "Voiteanu, Gabriel"]
[Black "Atakishiyev, Elmar"]
[Result "0-1"]
[WhiteElo "2155"]
[BlackElo "2344"]
[EventDate "2023.03.03"]
[PlyCount "70"]

1.d4 Nf6 2.c4 e6 3.Nf3 d5 4.g3 dxc4 5.Bg2 Nc6 6.O-O Rb8 7.e3 Be7 8.Nfd2 e5
9.Bxc6+ bxc6 10.dxe5 Ng4 11.Nxc4 Be6 12.Nbd2 Qd3 13.b3 h5 14.h3 Nh6 15.Kg2
Rd8 16.Qf3 g5 17.Qxc6+ Kf8 18.Qxc7 Rd7 19.Qa5 Qf5 20.Rh1 Bd5+ 21.f3 g4 22.
e4 gxf3+ 23.Kf2 Bxe4 24.Ne3 Qg6 25.Nxe4 Qxe4 26.Ba3 h4 27.Bxe7+ Rxe7 28.
Qd8+ Kg7 29.Qxe7 hxg3+ 30.Kxg3 Qxe3 31.Rhg1 f2+ 32.Kh2+ fxg1=Q+ 33.Rxg1+ 
Kh7 34.Qf6 Rg8 35.Rxg8 Kxg8 0-1

[Event "23rd EUR-ch"]
[Site "Vrnjacka Banja SRB"]
[Date "2023.03.09"]
[Round "7.157"]
[White "Efremov, Vladislav"]
[Black "Sahakian, Aleks"]
[Result "0-1"]
[WhiteElo "2120"]
[BlackElo "2343"]
[EventDate "2023.03.03"]
[PlyCount "62"]

1.Nf3 d5 2.d4 Nf6 3.c4 e6 4.Nc3 c6 5.e3 Nbd7 6.Qc2 Bd6 7.Bd3 O-O 8.O-O 
dxc4 9.Bxc4 b5 10.Be2 e5 11.Ne4 Nxe4 12.Qxe4 Qc7 13.dxe5 Nxe5 14.Nd4 Bb7 
15.Qc2 Ng6 16.Bf3 Bxh2+ 17.Kh1 Be5 18.Bd2 Rac8 19.a4 Qe7 20.Nf5 Qf6 21.Bc3
Bxc3 22.bxc3 Ne5 23.Be4 g6 24.Nd4 Qe7 25.f3 Nc4 26.Rfe1 a6 27.axb5 cxb5 
28.Bxb7 Qxb7 29.e4 Rc5 30.g3 Ne5 31.Kg2 Rd8 0-1

[Event "23rd EUR-ch"]
[Site "Vrnjacka Banja SRB"]
[Date "2023.03.09"]
[Round "7.158"]
[White "Van Foreest, Machteld"]
[Black "Perkampus, Laurin"]
[Result "1-0"]
[WhiteElo "2341"]
[BlackElo "2189"]
[EventDate "2023.03.03"]
[PlyCount "63"]

1.e4 c6 2.d4 d5 3.e5 Bf5 4.h4 h5 5.Bd3 Bxd3 6.Qxd3 e6 7.Nf3 Qa5+ 8.Nbd2 
Qa6 9.c4 Bb4 10.b3 c5 11.Qc2 Ne7 12.O-O cxd4 13.Nxd4 O-O 14.cxd5 Rc8 15.
Qe4 exd5 16.Qe3 Rc3 17.Qg5 Nbc6 18.N2f3 Nxd4 19.Nxd4 Rd3 20.Nf3 Qg6 21.Bb2
Qxg5 22.hxg5 Rc8 23.Rfc1 Rxc1+ 24.Rxc1 Nc6 25.Kf1 Ba5 26.Ke2 Nb4 27.Rc8+ 
Kh7 28.Ne1 Rd2+ 29.Kxd2 Nc6+ 30.Ke2 Kg6 31.Nf3 Ne7 32.Rb8 1-0

[Event "23rd EUR-ch"]
[Site "Vrnjacka Banja SRB"]
[Date "2023.03.09"]
[Round "7.159"]
[White "Yordanov, Lachezar"]
[Black "Onslow, Alfie"]
[Result "1/2-1/2"]
[WhiteElo "2335"]
[BlackElo "2174"]
[EventDate "2023.03.03"]
[PlyCount "104"]

1.e4 c6 2.d4 d5 3.e5 Bf5 4.Nd2 e6 5.Nb3 Nd7 6.Nf3 Qc7 7.Be2 c5 8.dxc5 Bxc5
9.Nxc5 Qxc5 10.Nd4 Ne7 11.f4 Be4 12.Be3 Qb4+ 13.Kf2 Nf5 14.a3 Qe7 15.Nxf5 
exf5 16.Re1 O-O 17.c3 Nc5 18.Kg1 Rac8 19.Rc1 Rc6 20.b4 Rg6 21.Bf1 Ne6 22.
Qd2 b6 23.Qf2 h5 24.g3 h4 25.Bg2 hxg3 26.hxg3 Rc8 27.Bxe4 dxe4 28.c4 Qh4 
29.Kg2 Qg4 30.Rh1 Rd8 31.Rh2 Rd1 32.Rh4 Qxh4 33.Rxd1 Qg4 34.Rh1 Nc7 35.b5 
Ne6 36.a4 f6 37.exf6 gxf6 38.a5 Rg7 39.axb6 axb6 40.Rh3 Rg6 41.c5 bxc5 42.
Qa2 Qf3+ 43.Kh2 Kg7 44.Bxc5 Nxc5 45.Qa7+ Kg8 46.Qb8+ Kf7 47.Qc7+ Ke6 48.
Qc6+ Kf7 49.Qxc5 Qe2+ 50.Kg1 Qd1+ 51.Kh2 Qe2+ 52.Kg1 Qd1+ 1/2-1/2

[Event "23rd EUR-ch"]
[Site "Vrnjacka Banja SRB"]
[Date "2023.03.09"]
[Round "7.161"]
[White "Ciorgovean, Iustin"]
[Black "Manukian, Sargis A."]
[Result "1-0"]
[WhiteElo "2325"]
[BlackElo "2163"]
[EventDate "2023.03.03"]
[PlyCount "61"]

1.d4 d5 2.c4 dxc4 3.Nf3 a6 4.e3 Bg4 5.Bxc4 e6 6.Nc3 Nf6 7.h3 Bh5 8.g4 Bg6 
9.Ne5 Nc6 10.Nxg6 hxg6 11.Bf1 e5 12.d5 Na7 13.Bg2 Bd6 14.Qb3 b5 15.Bd2 O-O
16.O-O-O a5 17.Kb1 a4 18.Qc2 b4 19.Nxa4 Nb5 20.Bf1 Ra5 21.Bxb5 Rxb5 22.e4 
b3 23.axb3 Qb8 24.Ka2 Qb7 25.Rhe1 Ra8 26.f3 Nd7 27.Be3 Nc5 28.Bxc5 Bxc5 
29.Re2 Bd4 30.Rdd2 g5 31.Rd3 1-0

[Event "23rd EUR-ch"]
[Site "Vrnjacka Banja SRB"]
[Date "2023.03.09"]
[Round "7.162"]
[White "Filip, Andrei"]
[Black "Noy, Eyal"]
[Result "1-0"]
[WhiteElo "2325"]
[BlackElo "2161"]
[EventDate "2023.03.03"]
[PlyCount "75"]

1.e4 c5 2.Nf3 e6 3.d4 cxd4 4.Nxd4 Nc6 5.Nc3 Qc7 6.f4 a6 7.Nxc6 bxc6 8.Bd3 
d5 9.Qe2 Nf6 10.O-O Be7 11.Kh1 O-O 12.Bd2 c5 13.b3 Bb7 14.Rae1 c4 15.bxc4 
dxe4 16.Nxe4 Nxe4 17.Bxe4 Bxe4 18.Qxe4 Rac8 19.f5 Qxc4 20.Qb7 Bh4 21.g3 
Qxc2 22.Bb4 Rc7 23.Qxa6 Be7 24.Re2 Qxe2 25.Qxe2 Bxb4 26.fxe6 fxe6 27.Qxe6+
Rcf7 28.a4 g6 29.Qd5 Bc3 30.Rf3 Bb2 31.a5 Kg7 32.Rxf7+ Rxf7 33.a6 Ra7 34.
Qd6 Bf6 35.Qb6 Rd7 36.a7 Bd4 37.Qxd4+ Rxd4 38.a8=Q 1-0

[Event "23rd EUR-ch"]
[Site "Vrnjacka Banja SRB"]
[Date "2023.03.09"]
[Round "7.163"]
[White "Sukovic, Andrej"]
[Black "Gramb, Marius"]
[Result "1-0"]
[WhiteElo "2322"]
[BlackElo "2159"]
[EventDate "2023.03.03"]
[PlyCount "63"]

1.e4 c6 2.d4 d5 3.Nc3 dxe4 4.Nxe4 Nf6 5.Nxf6+ exf6 6.c3 Bd6 7.Bd3 O-O 8.
Qc2 Re8+ 9.Ne2 h5 10.O-O h4 11.h3 Na6 12.Bd2 Nc7 13.Rae1 Nd5 14.c4 Nb4 15.
Bh7+ Kh8 16.Qb1 Be6 17.Qe4 g5 18.Bf5 Bxc4 19.Qg4 Bxe2 20.Rxe2 Rxe2 21.Qxe2
Kg7 22.f4 Nd5 23.fxg5 fxg5 24.Qh5 Qf6 25.Bxg5 Qxd4+ 26.Kh1 Rh8 27.Bh7 f6 
28.Bxf6+ Qxf6 29.Rxf6 Kxf6 30.Qg6+ Ke7 31.Qg7+ Ke6 32.Qxh8 1-0

[Event "23rd EUR-ch"]
[Site "Vrnjacka Banja SRB"]
[Date "2023.03.09"]
[Round "7.164"]
[White "Sherman, Reem"]
[Black "Gaal, Zsoka"]
[Result "1/2-1/2"]
[WhiteElo "2126"]
[BlackElo "2320"]
[EventDate "2023.03.03"]
[PlyCount "94"]

1.e4 c6 2.d4 d5 3.exd5 cxd5 4.Nc3 Nc6 5.Bf4 Bf5 6.Nf3 e6 7.Bd3 Bxd3 8.Qxd3
Bd6 9.Bxd6 Qxd6 10.O-O Nf6 11.Ne5 O-O 12.f4 Rac8 13.a3 Ne7 14.Rae1 Qb6 15.
Nd1 Nf5 16.c3 Nd6 17.Re2 Qc7 18.Ne3 g6 19.g4 Nfe4 20.f5 Qe7 21.Qd1 b5 22.
Qe1 f6 23.Nd3 g5 24.fxe6 Qxe6 25.Nf5 Nxf5 26.Rxf5 h5 27.Nb4 hxg4 28.Nxd5 
Kg7 29.Rxe4 Qxf5 30.Ne7 Qf3 31.Nxc8 Rxc8 32.Re7+ Kh6 33.Rxa7 Rd8 34.Re7 
Rd5 35.Qf2 Rf5 36.Qxf3 gxf3 37.Re3 g4 38.Rd3 Kg5 39.d5 Re5 40.d6 Re1+ 41.
Kf2 Re2+ 42.Kf1 Rxh2 43.d7 Kf4 44.Ke1 Rh1+ 45.Kd2 Rh2+ 46.Kd1 Rh1+ 47.Kd2 
Rh2+ 1/2-1/2

[Event "23rd EUR-ch"]
[Site "Vrnjacka Banja SRB"]
[Date "2023.03.09"]
[Round "7.165"]
[White "Van Dael, Siem"]
[Black "Bauer, Thomas"]
[Result "1-0"]
[WhiteElo "2312"]
[BlackElo "2151"]
[EventDate "2023.03.03"]
[PlyCount "85"]

1.e4 c5 2.Nf3 d6 3.d4 cxd4 4.Nxd4 Nf6 5.Nc3 a6 6.Be3 e6 7.f3 b5 8.Qd2 Nbd7
9.O-O-O h5 10.a3 Bb7 11.Kb1 Rc8 12.Rg1 Be7 13.g3 Ne5 14.h3 Qc7 15.g4 g6 
16.Qf2 Qb8 17.Bc1 Ba8 18.Na2 Kf8 19.g5 Nfd7 20.f4 Nc6 21.Nf3 Kg8 22.Bd3 a5
23.b3 Nc5 24.Bb2 Rh7 25.Qe2 Bf8 26.Rd2 Ne7 27.Rdd1 d5 28.Bxb5 dxe4 29.Ne5 
Nd5 30.Rgf1 Ne3 31.Qxe3 Qxb5 32.Rf2 Qb8 33.Rfd2 Bd5 34.Nc3 Nd3 35.Nd7 Nxb2
36.Nxb8 Nxd1 37.Rxd1 Bc5 38.Qe2 Rxb8 39.Nxd5 exd5 40.Rxd5 Bxa3 41.Rxa5 Bb4
42.Rb5 Rxb5 43.Qxb5 1-0

[Event "23rd EUR-ch"]
[Site "Vrnjacka Banja SRB"]
[Date "2023.03.09"]
[Round "7.167"]
[White "Marcetic, Nikola"]
[Black "Kostov, Deyan Samuil"]
[Result "1/2-1/2"]
[WhiteElo "2309"]
[BlackElo "2120"]
[EventDate "2023.03.03"]
[PlyCount "74"]

1.d4 d5 2.Bf4 Nf6 3.e3 e6 4.Nd2 Bd6 5.Bg3 O-O 6.Ngf3 c5 7.c3 Qc7 8.Ne5 c4 
9.Be2 b5 10.a4 bxa4 11.Qxa4 a5 12.O-O Ne8 13.e4 f6 14.Ng4 Nd7 15.exd5 exd5
16.Ne3 Nb6 17.Qc2 Bxg3 18.hxg3 a4 19.Bf3 Ra5 20.g4 Nd6 21.Rfe1 g6 22.Ndf1 
f5 23.gxf5 gxf5 24.Qd1 Ne4 25.Nc2 Kh8 26.Re3 Rg8 27.Nb4 Ng5 28.Qe2 Ne4 29.
Bxe4 fxe4 30.Rg3 Rxg3 31.fxg3 Ra8 32.Qf2 Qg7 33.Qf4 Bg4 34.Qd6 Qg6 35.Qe5+
Qg7 36.Ne3 Qxe5 37.dxe5 Be6 1/2-1/2

[Event "23rd EUR-ch"]
[Site "Vrnjacka Banja SRB"]
[Date "2023.03.09"]
[Round "7.168"]
[White "Ivanovic, Marko"]
[Black "Nilssen, Ellen Fredericia"]
[Result "1-0"]
[WhiteElo "2302"]
[BlackElo "2144"]
[EventDate "2023.03.03"]
[PlyCount "79"]

1.e4 c5 2.Nf3 d6 3.d4 cxd4 4.Nxd4 Nf6 5.Nc3 a6 6.Bd3 e5 7.Nde2 Be7 8.O-O 
O-O 9.Ng3 b5 10.h3 b4 11.Nd5 Nxd5 12.exd5 f5 13.a3 f4 14.Ne4 f3 15.axb4 
fxg2 16.Kxg2 Qe8 17.Ra3 Nd7 18.c4 Nf6 19.Ng3 Bd8 20.Qe2 Ra7 21.b5 h5 22.
Be3 Ra8 23.Bg5 h4 24.Bxh4 Nxd5 25.cxd5 Bxh4 26.Qe4 Rf4 27.Qh7+ Kf8 28.Qh8+
Ke7 29.Qxg7+ Rf7 30.Qh6 Bxg3 31.Qg5+ Kf8 32.fxg3 Bb7 33.Be4 Rxf1 34.Qh6+ 
Ke7 35.Qe6+ Kf8 36.Qxd6+ Kg8 37.Kxf1 Qxb5+ 38.Kg1 Rc8 39.Qg6+ Kf8 40.Rf3+ 
1-0

[Event "23rd EUR-ch"]
[Site "Vrnjacka Banja SRB"]
[Date "2023.03.09"]
[Round "7.169"]
[White "Vagman, Roy"]
[Black "Pogorelsky, Sofia"]
[Result "1/2-1/2"]
[WhiteElo "2298"]
[BlackElo "2102"]
[EventDate "2023.03.03"]
[PlyCount "43"]

1.e4 c5 2.Nf3 Nc6 3.Bb5 g6 4.Bxc6 bxc6 5.O-O Bg7 6.Re1 Qc7 7.h3 d6 8.Na3 
Rb8 9.e5 dxe5 10.Nc4 f6 11.d3 Nh6 12.Be3 O-O 13.Bxc5 Be6 14.Ncd2 f5 15.b4 
Nf7 16.Qe2 Bf6 17.a3 Rfd8 18.Rab1 Ba2 19.Rbd1 Bd5 20.c4 Bxf3 21.Nxf3 Qd7 
22.g3 1/2-1/2